千字文に使われている小学1年生の漢字サドンデス - Statistics

General Stats
  • This quiz has been taken 43 times
  • The average score is 5 of 58
Answers on the Grid
Answers color-coded by a green-red scale on the quiz's grid according to % correct below.
 
Answer Stats
Answer % Correct
20%
20%
20%
20%
17%
17%
17%
13%
13%
13%
13%
13%
13%
13%
13%
13%
10%
10%
10%
10%
10%
10%
10%
10%
10%
7%
7%
7%
7%
7%
7%
7%
7%
7%
7%
7%
7%
7%
7%
7%
7%
3%
3%
3%
3%
3%
3%
3%
3%
3%
0%
0%
0%
0%
0%
0%
0%
0%
No matching quizzes found
Score Distribution
Percent of People with Each Score
Percentile by Number Answered
Your Score History
You have not taken this quiz